00586nam a2200205Ia 4500003000400000005001700004008004100021020001900062040000700081041000800088082001300096100002300109245003500132260002000167300000900187650002000196942001300216999001900229952013200248OSt20251031145528.0250729s2003 xx 000 0 und d a978-8182523876 cAL aeng a954 HEBH aHebbar V R9223692 aHistory of india upto 1300 A D aMangalorec2003 a315p aHistory9223693 2ddccBED c236035d236035 00104070aALbALd2025-07-29eSchool Book Companyg100.00l0o954 HEBHpBED01354r2025-07-29 16:54:31v100.00w2025-07-29yBK